000 00627nam a22002057a 4500
999 _c10060
_d10060
003 AR-CdUCM
008 190329b ||||| |||| 00| 0 spa d
040 _aMUNICIPALIDAD PROVINCIAL DEL CUSCO
_cBIBLIOTECA MUNICIPAL DEL CUSCO
082 _aEP / 372.460 /
_bB85
110 _aAsociación Editorial Bruño
_926692
245 _aLecturas Integradas /
260 _aLima :
_bBruño.
300 _a157 páginas ;
_bIlustraciones
_c28cm
500 _a5to de Educación Primaria
505 _aContenido: Lecturas
650 _aLecturas
_96094
650 _aEducación primaria
_91561
942 _2ddc
_cLIBROS
945 _anom